Loading...
| Fine Arts - Classical Music | 4 | 7.50 | 75% | 0% | 0% |
| Fine Arts - Other Fine Arts | 2 | 5.00 | 50% | 0% | 0% |
| Fine Arts - Visual Fine Arts | 4 | 17.50 | 100% | 50% | 25% |
| History - American History | 2 | 15.00 | 100% | 50% | 0% |
| History - European History | 2 | 10.00 | 100% | 0% | 0% |
| History - Other History | 5 | 10.00 | 80% | 20% | 0% |
| History - World History | 3 | 13.33 | 100% | 33% | 0% |
| Literature - American Literature | 1 | 30.00 | 100% | 100% | 100% |
| Literature - British Literature | 4 | 10.00 | 50% | 50% | 0% |
| Literature - European Literature | 4 | 10.00 | 75% | 25% | 0% |
| Literature - World/Other Literature | 2 | 10.00 | 100% | 0% | 0% |
| Mythology | 4 | 10.00 | 75% | 0% | 25% |
| Other Academic | 1 | 20.00 | 100% | 100% | 0% |
| Philosophy | 4 | 7.50 | 75% | 0% | 0% |
| Pop Culture | 1 | 20.00 | 100% | 100% | 0% |
| Religion | 3 | 6.67 | 33% | 0% | 33% |
| Science - Biology | 2 | 5.00 | 50% | 0% | 0% |
| Science - Chemistry | 3 | 13.33 | 100% | 33% | 0% |
| Science - Other Science | 1 | 20.00 | 100% | 100% | 0% |
| Science - Physics | 4 | 10.00 | 100% | 0% | 0% |
| Social Science | 1 | 10.00 | 100% | 0% | 0% |